[Event "Baden op-A 30th"]
[Site "Baden"]
[Date "2002.04.27"]
[Round "2.10"]
[White "Prendinger, Rudolf"]
[Black "Ragger, Anna Christina"]
[Result "0-1"]
[WhiteElo "1920"]
[BlackElo "1930"]
[PlyCount "62"]
[EventDate "2002.04.26"]
[EventType "swiss"]
[EventRounds "5"]
[EventCountry "AUT"]
[SourceTitle "EXT 2003"]
[Source "ChessBase"]
[SourceDate "2002.11.25"]
[SourceVersion "1"]
[SourceVersionDate "2002.11.25"]
[SourceQuality "1"]

1. c4 e5 2. Nc3 Nc6 3. Nf3 g6 4. g3 Bg7 5. Bg2 d6 6. d3 f5 7. Ng5 h6 8. Nh3 g5 9. Bd2 Nf6 10. Nd5 f4 11. Nxf6+ Qxf6 12. gxf4 gxf4 13. Ng1 0-0 14. Be4 Bf5 15. Bd5+ Be6 16. Be4 Kh8 17. Nf3 Nd4 18. Nxd4 exd4 19. Qc2 Rab8 20. 0-0 Bh3 21. Rfe1 Rbe8 22. Bf3 Qh4 23. Kh1 Qxf2 24. Rg1 Rxe2 25. Bxe2 f3 26. Bf1 Be5 27. Bf4 Qxc2 28. Bxe5+ dxe5 29. Bxh3 Qxd3 30. Be6 f2 31. Rgf1 Qf3# 0-1

[Event "Biedermeier op 3rd"]
[Site "Austria"]
[Date "2001.??.??"]
[Round "2"]
[White "Pribyl, Josef"]
[Black "Prendinger, Rudolf"]
[Result "1-0"]
[WhiteElo "2395"]
[BlackElo "1900"]
[PlyCount "105"]
[EventDate "2001.??.??"]
[EventType "swiss"]
[EventRounds "5"]
[EventCountry "AUT"]
[SourceTitle "EXT 2003"]
[Source "ChessBase"]
[SourceDate "2002.11.25"]
[SourceVersion "1"]
[SourceVersionDate "2002.11.25"]
[SourceQuality "1"]

1. c4 e5 2. Nc3 Nf6 3. g3 d5 4. cxd5 Nxd5 5. Bg2 Nb6 6. Nf3 Nc6 7. 0-0 Be7 8. a3 0-0 9. b4 Be6 10. Bb2 Nc4 11. Bc1 Nd4 12. d3 Nxf3+ 13. Bxf3 Nd6 14. Bb2 c6 15. Na4 f6 16. Nc5 Bf7 17. Qc2 Rb8 18. Rfd1 Nb5 19. e3 Bxc5 20. Qxc5 Qd6 21. d4 Qxc5 22. dxc5 Rfd8 23. Rxd8+ Rxd8 24. Rd1 Rxd1+ 25. Bxd1 Nc7 26. f4 exf4 27. gxf4 Kf8 28. Kf2 Ke7 29. e4 Bc4 30. Ke3 Ne6 31. h4 g5 32. f5 Nd8 33. hxg5 fxg5 34. e5 Bf7 35. e6 Bg8 36. Ke4 b6 37. cxb6 axb6 38. Ke5 Nxe6 39. fxe6 Bxe6 40. a4 Kd7 41. Bc1 g4 42. Be3 c5 43. a5 bxa5 44. Ba4+ Ke7 45. Bxc5+ Kf7 46. b5 Bc8 47. Kd6 Bb7 48. Kc7 Be4 49. b6 h5 50. Bc6 Bxc6 51. Kxc6 h4 52. b7 h3 53. b8Q 1-0

[Event "Feffernitz Raika op 05th"]
[Site "Feffernitz"]
[Date "1996.??.??"]
[Round "?"]
[White "Benda, Herbert"]
[Black "Prendinger, Rudolf"]
[Result "1/2-1/2"]
[WhiteElo "2170"]
[BlackElo "1950"]
[PlyCount "39"]
[EventDate "1996.08.??"]
[EventType "swiss"]
[EventRounds "9"]
[EventCountry "AUT"]
[SourceTitle "EXT 2004"]
[Source "ChessBase"]
[SourceDate "2003.11.25"]
[SourceVersion "1"]
[SourceVersionDate "2003.11.25"]
[SourceQuality "1"]

1. e4 e5 2. Nf3 Nc6 3. Bc4 Bc5 4. 0-0 Nf6 5. d3 d6 6. h3 0-0 7. Nc3 Be6 8. Bb3 h6 9. Be3 Bxe3 10. fxe3 Bxb3 11. axb3 Nh7 12. Nh2 a6 13. Qe1 Ne7 14. Qg3 f5 15. Rae1 Qd7 16. exf5 Rxf5 17. Rxf5 Qxf5 18. Qf3 Qxf3 19. Nxf3 Nf6 20. g4 1/2-1/2

[Event "Feffernitz Raika op 05th"]
[Site "Feffernitz"]
[Date "1996.??.??"]
[Round "?"]
[White "Prendinger, Rudolf"]
[Black "Sarre, Sascha"]
[Result "0-1"]
[WhiteElo "1950"]
[BlackElo "2130"]
[PlyCount "118"]
[EventDate "1996.08.??"]
[EventType "swiss"]
[EventRounds "9"]
[EventCountry "AUT"]
[SourceTitle "EXT 2004"]
[Source "ChessBase"]
[SourceDate "2003.11.25"]
[SourceVersion "1"]
[SourceVersionDate "2003.11.25"]
[SourceQuality "1"]

1. c4 Nf6 2. Nc3 e6 3. e4 c5 4. e5 Ng8 5. Nf3 Nc6 6. d4 cxd4 7. Nb5 a6 8. Nbxd4 Nxe5 9. Be2 Nxf3+ 10. Nxf3 Nf6 11. 0-0 Be7 12. Be3 0-0 13. Rc1 d6 14. Qb3 Nd7 15. Rfd1 Qc7 16. Bf4 e5 17. Bg5 Nc5 18. Qc2 a5 19. Be3 f5 20. a3 a4 21. Bxc5 Qxc5 22. Rd5 Qc6 23. Rcd1 Be6 24. Rb5 Rfc8 25. Qc3 Qxb5 26. cxb5 Rxc3 27. bxc3 Rc8 28. Rc1 Bc4 29. Kf1 Kf7 30. Nd2 Bxe2+ 31. Kxe2 d5 32. Kd3 Bxa3 33. Ra1 Bb2 34. Rxa4 Rxc3+ 35. Ke2 Rc5 36. Rb4 Bc3 37. Rb3 Bxd2 38. Kxd2 Kf6 39. b6 Rc6 40. g3 h5 41. Rb4 g6 42. Rb5 Ke6 43. Rb4 Kd6 44. Rb5 Rc5 45. Rb1 Kc6 46. Re1 e4 47. Ke3 Kxb6 48. Kd4 Kc6 49. Ke5 Rc2 50. Rf1 Kd7 51. Rd1 Rc5 52. h4 b5 53. Kf6 Rc6+ 54. Kg5 Rd6 55. Rc1 d4 56. Kf4 d3 57. Ke3 d2 58. Rd1 Kc6 59. Ke2 b4 0-1